| 000 | 00915cab a2200265 4500 | ||
|---|---|---|---|
| 001 | ABS57389 | ||
| 008 | 090401t1997 xxu||||| |||| 00| 0 eng d | ||
| 035 | _a(Sirsi) u79731 | ||
| 041 | _aeng | ||
| 100 | _aEdge, J | ||
| 245 | _aEstimating value for what it`s worth | ||
| 260 | _c1997 | ||
| 350 | _a0 | ||
| 490 |
_aProperty Week _v60(2) 11 July 1997, 24(1) |
||
| 520 | _aDefines existing-use value as representing deprival value, and so permitting a narrower range of value than open-market value. Asks whether the valuation of land and property should not be undertaken as a value of the overall going concern of the business. | ||
| 650 | _aALTERNATIVE USE VALUE | ||
| 650 | _aASSET VALUATION | ||
| 650 | _aEXISTING USE VALUE | ||
| 650 | _aGOING CONCERNS | ||
| 650 | _aVALUATION ISSUES | ||
| 650 | _aVALUATION METHODOLOGY | ||
| 690 | _aRATING AND VALUATION | ||
| 942 | _n0 | ||
| 948 | _c18/07/1997 | ||
| 999 |
_c50158 _d50158 |
||